LEADER 00829naa a2200205 u 4500 001 000000103375 003 CaOOAMICUS 005 20070226130215.0 008 061115s1978 it u000 u ita u 035 $a11106918 040 $aIAR$bita 100 1 $aVanni Rovighi, Sofia,$d1908-1990.$0(OLS)http://pul/name/5652 245 10$aLibertà e libero arbitrio in sant'Anselmo d'Aosta /$cSofia Vanni Rovighi. 260 $aMilano :$bVita e pensiero,$c1978. 300 $av.1, p. 45-60 ;$c22 cm 500 $aIAR: CCI.222 773 0 $aStudi di filosofia medioevale (Vanni Rovighi, Sofia) 773 0 $aVanni Rovighi, Sofia.$tStudi di filosofia medioevale$g19-20.$w()12175 996 $6245$aLibertà e libero arbitrio in sant'Anselmo d'Aosta$9(OLS)http://pul/title/130280 996 $6260$aMilano :$bVita e pensiero$9(OLS)http://pul/publisher/48016 LEADER 01148nam a2200289 a 4500 001 000000173920 003 CaOOAMICUS 005 20201105160225.0 008 201105s2006 fr m 001 u fre r 020 $a978-2-227-47631-8* 032 $aLibriCat 040 $aPUL$bita 082 00$a297 100 1 $aCaspar, Robert.$0(OLS)http://pul/name/46380 245 10$aPour un regard chretien sur l'Islam / $cRobert Caspar. 260 $aParis :$bBayard,$c2006. 300 $a219 p. ;$c20 cm 504 $aBibliografia: p. 203-208. 650 4$aCristianesimo e altre religioni$xIslamismo.$0(OLS)http://pul/subject/1848 650 4$aIslamismo$xStudi.$0(OLS)http://pul/subject/7447 850 $aPUL 852 $aPUL$W1$xSL Religione 3$y85$m297. 6 CASRO 1$j198055$qDDC 21$B202737$CPULBib$Z2$F202737 $H134478 $82 996 $6020$a978-2-227-47631-8*$9(OLS)http://pul/number/167804 996 $6082$a297$9(OLS)http://pul/classification/742 996 $6245$aPour un regard chretien sur l'Islam / $9(OLS)http://pul/title/215140 996 $6260$aParis :$bBayard$9(OLS)http://pul/publisher/75674